1362 1954 1261 1536 1990 1981 1156 1901 1596 1718 1295 1044 1283 1827 1779 1472 1101 1365 1364 1934 1458 1142 1968 1005 1560 1797 1145 1933 1062 1171 1494 1983 1068 1958 1249 1787 1806 1322 1973 1336 1049 1386 1974 1623 1077 1879 1437 1166 1209 1939 1015 1166 1655 1593 1815 1158 1062 1059 1864 1072 1476 1514 1812 1418 1804 1481 1081 1640 1135 1363 1162 1816 1067 1260 1557 1873 1283 1946 1066 1116 1719 1690 1244 1537 1562 1330 1422 1948 1020 1420 1540 1610 1680 1918 1919 1617 1631 1438 1636 BCNSPRNW ULIB Ver.6.0+V

เปลี่ยนเป็นภาษาไทย

Change to English
 แสดงรายละเอียดบรรณานุกรม
  กลับหน้าหลัก

Brief Record : Get Marc (ISO 2709) : E-mail record : QR code < ปิดหน้าต่าง
LEADER : 00000nam 2200000uu 4500
001    13399123067
003     ULIB
008    020711s2546 th a 000 0 tha d
060    WY150^bค126ว
245    วิธีการพยาบาลทางอายุรกรรม /^cมหาวิทยาลัยเชียงใหม่
260    เชียงใหม่ :^bมหาวิทยาลัยเชียงใหม่,^c2546
300    392 หน้า
945    ^p0^l0^i24232
รายการนี้ยังไม่มีแท็ก
คุณยังไม่ได้ล็อกอิน คุณสามารถมีกิจกรรมร่วมกับเว็บไซต์ได้ แต่ต้องล็อกอินก่อน ::
  ล็อกอิน

รายการสื่อสารสนเทศ

ลำดับที่ ประเภท เลขเรียก/บาร์โค้ด สถานที่ สถานะ
1. Book การพยาบาล
Book การพยาบาล
WY150 ค126ว ฉ.1 
  Barcode: 24232
ห้องสมุดวิทยาเขตนครสวรรค์
►ส่วนจัดเก็บหนังสือเก่า นว.
บนชั้น
  ขอยืม

BibComment


ยังไม่เคยถูกคอมเมนท์

คอมเมนท์ทรัพยากรรายการนี้
  คอมเมนท์: วิธีการพยาบาลทางอ..


 Copyright 2026. Bcnsprnw @Library